| 000 | 00514cam a22002054a 4500 | ||
|---|---|---|---|
| 005 | 20250605164248.0 | ||
| 008 | 250528s ||||||||||||||||||||||||d | ||
| 035 | _a21624 | ||
| 020 | _a9780030989520 | ||
| 040 |
_aGR-AtMCL _bgre _dGR-AtMCL _eAACR2 |
||
| 245 | 1 | _aINVESTMENT ANALYSIS AND PORTFOLIO MANAGEMENT | |
| 250 | _a4 | ||
| 260 |
_bThe Dryden Press, _c1994 |
||
| 300 | _a981 | ||
| 700 | 1 |
_aChance Don M _97577 |
|
| 700 | 1 |
_aReilly Frank K _91616 |
|
| 942 | _cBK | ||
| 999 |
_c6685 _d6685 |
||